Normal view
MARC view
Entry Personal Name
001 - CONTROL NUMBER
- control field: 26624
003 - CONTROL NUMBER IDENTIFIER
- control field: ARRUPE
005 - DATE AND TIME OF LATEST TRANSACTION
- control field: 20161010101806.0
008 - FIXED-LENGTH DATA ELEMENTS
- fixed length control field: 161010|| aca||aabn | a|a d
040 ## - CATALOGING SOURCE
- Original cataloging agency: ARRUPE
- Transcribing agency: ARRUPE
100 ## - HEADING--PERSONAL NAME
- Personal name: Pascall, Jeremy.
670 ## - SOURCE DATA FOUND
- Source citation: Work cat.: (ARRUPE)0: Pascall, Jeremy., The illustrated history of rock music /, 1978.